[Event "Mittelfranken-chTB2a 1516"]
[Site "Mittelfranken"]
[Date "2015.10.18"]
[Round "1.5"]
[White "Steinmueller, Stefanie"]
[Black "Switt, Juri"]
[Result "0-1"]
[WhiteElo "1765"]
[BlackElo "1670"]
[PlyCount "74"]
[EventDate "2015.10.18"]
[EventType "team-tourn"]
[EventRounds "9"]
[EventCountry "GER"]
[SourceTitle "EXT 2020"]
[Source "ChessBase"]
[SourceDate "2019.10.17"]
[SourceVersion "1"]
[SourceVersionDate "2019.10.17"]
[SourceQuality "1"]
[WhiteTeam "Herzogenaurach III"]
[BlackTeam "Nuernberg Sued SW IV"]
[WhiteTeamCountry "GER"]
[BlackTeamCountry "GER"]

1. e4 e5 2. Nf3 Nc6 3. Bb5 d6 4. c3 Nf6 5. d3 Be7 6. h3 0-0 7. 0-0 Nd7 8. d4 f5 9. dxe5 fxe4 10. Qd5+ Kh8 11. Qxe4 Ncxe5 12. Nxe5 Nxe5 13. Nd2 c6 14. Be2 Bf5 15. Qe3 Qb6 16. Qg3 Ng6 17. Nf3 d5 18. h4 Rad8 19. h5 Bd6 20. Qg5 h6 21. Qe3 Nf4 22. Bd1 Bg4 23. Qxb6 axb6 24. Nh4 Bxd1 25. Rxd1 Kg8 26. Be3 Bc5 27. Nf3 Bxe3 28. fxe3 Nxh5 29. Rd4 Ng3 30. Kf2 Ne4+ 31. Ke2 b5 32. Rad1 Ra8 33. a3 g5 34. g4 Rf6 35. Rb1 Raf8 36. Ne5 Rf2+ 37. Kd1 Rf1+ 0-1